ICAO Airline Codes - Statistics

General Stats
  • This quiz has been taken 18 times
  • The average score is 38 of 76
Answer Stats
Hint Answer % Correct
QTR Qatar Airways
100%
ANA All Nippon Airways
94%
AAL American Airlines
94%
UAE Emirates
88%
KLM KLM Royal Dutch
88%
UAL United Airlines
88%
WZZ Wizz Air
81%
DAL Delta Air Lines
75%
EZY EasyJet
75%
ETD Etihad
75%
FIN Finnair
75%
IBE Iberia
75%
LOT LOT Polish Airlines
75%
QFA Qantas
75%
RYR Ryanair
75%
SAS SAS Scandinavian Airlines
75%
THA Thai Airways
75%
AFR Air France
69%
FDX Fedex
69%
ITY ITA Airways
69%
JAL Japan Airlines
69%
DLH Lufthansa
69%
PIA Pakistan International Airlines
69%
UPS UPS
69%
ACA Air Canada
63%
BAW British Airways
63%
EVA EVA Air
63%
SIA Singapore Airlines
63%
SWR Swiss
63%
ANZ Air New Zealand
56%
CPA Cathay Pacific
56%
ELY El Al
56%
ICE Icelandair
56%
SAA South African Airways
56%
AUA Austrian Airlines
50%
TAM LATAM Airlines
50%
OMA Oman Air
50%
SWA Southwest Airlines
50%
VIG Virgin Atlantic
50%
AFL Aeroflot
44%
AIC Air India
44%
AAR Asiana Airlines
44%
CES China Eastern Airlines
44%
CSN China Southern Airlines
44%
ETH Ethiopian Airlines
44%
EXS Jet2
44%
KAL Korean Air
44%
THY Turkish Airlines
44%
UZB Uzbekistan Airways
44%
AMX Aeromexico
38%
AWQ AirAsia
38%
CAL China Airlines
38%
IGO IndiGo
38%
JBU JetBlue Airways
38%
RAM Royal Air Maroc
38%
CFG Condor
31%
DHK DHL
31%
MSR EgyptAir
31%
EWG Eurowings
31%
GIA Garuda Indonesia
31%
JJA Jeju Air
31%
RJA Royal Jordanian
31%
NKS Spirit Airlines
31%
WJA WestJet
31%
ASA Alaska Airlines
25%
CMP Copa Airlines
25%
DAH Air Algerie
19%
KZR Air Astana
19%
AHY Azerbaijan Airlines
19%
CLX Cargolux
19%
FFT Frontier
19%
MSC Air Cairo
13%
TAR Tunisair
13%
TAY ASL Airlines
6%
AZG Silk Way West Airlines
6%
SXS SunExpress
6%
No matching quizzes found
Score Distribution
Percent of People with Each Score
Percentile by Number Answered
Your Score History
You have not taken this quiz